000 01152cam a22003617a 4500
003 CHAP
005 20220329140851.0
008 971013s r 00010 d
010 _a58931
011 _a59903
035 _a64063
040 _cCHAP
090 _aFolleto 4309
100 0 0 _aChao Ebergenyi, Guillermo.
_921867
245 1 3 _aEl reto de la Chontalpa
260 _a(s.l.) :
_b(s.e.),
_c(s.a.)
300 _a63 p.
_b: ilus.
500 _ac.4-8 en bodega
590 _aBATCH-UPD
_b10
_c20130110
_lUCH01
_h0358
590 _aBATCH-UPD
_b10
_c20130110
_lUCH01
_h2136
590 _aBATCH-UPD
_b10
_c20130410
_lUCH01
_h0031
590 _aBATCH-UPD
_b10
_c20130913
_lUCH01
_h2246
590 _aCONVERSION
_b10
_c20130109
_lUCH01
_h1332
650 1 4 _aAgricultura
_xTabasco.
_91830
650 1 4 _aAgricultura
_xTrópicos.
_91888
650 1 4 _aPlan Chontalpa.
_988656
650 1 4 _aPolítica agrícola
_xTabasco.
_990365
901 _aBK
942 _cFOLL
949 _aFolleto 4309
_bBC
_cFOLL
_d-139098
_eTS1
_i64063
_si
949 _aFolleto 4309
_bBC
_cFOLL
_d-139099
_eTS2
_fc.2
_i64063
_si
949 _aFolleto 4309
_bBC
_cFOLL
_d-139100
_eTS2
_fc.3
_i64063
_si
999 _c58931
_d58931